000 00486nam a2200193Ia 4500
005 20230427134358.0
008 131103s9999 xx 000 0 und d
020 _cRs.25
040 _aLoreto College
041 _aEnglish
082 _a891.443
_bGAN
100 _aGangopadhaya, Sunil
245 _aSunil Gangopadhayer glopa sangraha
_cSunil Gangopadhaya
260 _aKolkata
_bBiswabani
_c1979
300 _aV.1v.3
650 _aBengali story
850 _aLCLIB
942 _cBK
999 _c21536
_d72015